🎶Paroles "Elisa" Volo - Statistiques

Statistiques générales
  • Ce quiz a Ă©tĂ© pris 6 fois
  • Le rĂ©sultat moyen est 261 sur 357
Statistiques - réponses
Mots % Correct
Élisa
100%
sa
100%
Ă 
75%
amoureux
75%
boire
75%
bosse
75%
boulot
75%
C'
75%
c'
75%
Ça
75%
camion
75%
Ce
75%
ce
75%
certains
75%
chef
75%
comptoir
75%
con
75%
contre-
75%
d'
75%
dansent
75%
de
75%
derrière
75%
eau
75%
elle
75%
en
75%
En
75%
envie
75%
est
75%
Et
75%
et
75%
gros
75%
il
75%
J'
75%
Je
75%
je
75%
juste
75%
l'
75%
la
75%
le
75%
Le
75%
Les
75%
les
75%
Livreur
75%
ma
75%
magasin
75%
Mais
75%
Mais ...
75%
mangé
75%
manger
75%
me
75%
mĂŞme
75%
mère
75%
par
75%
pas
75%
Pendant
75%
petit
75%
peu
75%
pizzas
75%
pognon
75%
Pour
75%
pour
75%
prépare
75%
Qu'
75%
qu'
75%
que
75%
qui
75%
Qui
75%
râteau
75%
roule
75%
samedi
75%
Sans
75%
se
75%
Se
75%
sens
75%
sera
75%
sert
75%
Si
75%
soir
75%
Son
75%
Sortir
75%
suis
75%
sur
75%
tĂŞte
75%
tout
75%
toute
75%
très
75%
trottoir
75%
un
75%
vénère
75%
vie
75%
vite
75%
voulant
75%
yeux
75%
ai
50%
ailes
50%
amis,
50%
brûlés
50%
chaque
50%
concerne,
50%
crayon,
50%
discerne
50%
dit
50%
écarter
50%
embrasser
50%
fois
50%
imagine
50%
instant
50%
mains
50%
marre
50%
mouche
50%
on
50%
On
50%
'pardon'
50%
parfois
50%
Quand
50%
réalité
50%
repars
50%
RĂŞve
50%
rien
50%
rougis
50%
Ses
50%
ses
50%
sont
50%
souvent
50%
suit
50%
tenté
50%
touche
50%
toujours
50%
tous
50%
une
50%
voisins
50%
Aucun quiz correspondant
Distribution des résultats
% des personnes avec chaque résultat
Percentile par nombre de réponses
Votre historique - résultats
Vous n’avez pas pris ce quiz